Vindicación documentada que el agente de la Convención española en Méjico Lorenzo Carrera presenta al juicio del público y de sus amigos. (Record no. 40658)

MARC details
000 -LEADER
campo de control de longitud fija 00872nam a2200241 i 4500
001 - NÚMERO DE CONTROL
campo de control 40658
003 - IDENTIFICADOR DE NÚMERO DE CONTROL
campo de control ES-MaACL
005 - FECHA Y HORA DE LA ÚLTIMA TRANSACCIÓN
campo de control 20230906160301.0
007 - CAMPO FIJO DE DESCRIPCIÓN FÍSICA--INFORMACIÓN GENERAL
campo de control de longitud fija t|
008 - DATOS DE LONGITUD FIJA--INFORMACIÓN GENERAL
campo de control de longitud fija 030306s1856 sp ||||1| spa d
080 ## - NÚMERO DE LA CLASIFICACIÓN DECIMAL UNIVERSAL
Número de la Clasificación Decimal Universal 929 Carrera, Lorenzo
080 ## - NÚMERO DE LA CLASIFICACIÓN DECIMAL UNIVERSAL
Número de la Clasificación Decimal Universal 336.27(72)
100 1# - ENTRADA PRINCIPAL--NOMBRE DE PERSONA
Nombre de persona Carrera, Lorenzo.
9 (RLIN) 35628
245 10 - MENCIÓN DEL TÍTULO
Título Vindicación documentada que el agente de la Convención española en Méjico Lorenzo Carrera presenta al juicio del público y de sus amigos.
260 ## - PUBLICACIÓN, DISTRIBUCIÓN, ETC.
Lugar de publicación, distribución, etc. Madrid :
Nombre del editor, distribuidor, etc. [s.n.],
Fecha de publicación, distribución, etc. 1856 (
Fabricante Estab. Tip. de A. Vicente)
300 ## - DESCRIPCIÓN FÍSICA
Extensión 72 p. ;
Dimensiones 22 cm.
500 ## - NOTA GENERAL
Nota general Apéndice documental.
530 ## - NOTA DISPONIBLE DE FORMULARIO FÍSICO ADICIONAL
Nota de formato físico adicional disponible Disponible en formato digital.
600 14 - PUNTO DE ACCESO ADICIONAL DE MATERIA--NOMBRE DE PERSONA
Nombre de persona Carrera, Lorenzo.
9 (RLIN) 35628
650 #4 - PUNTO DE ACCESO ADICIONAL DE MATERIA--TÉRMINO DE MATERIA
Término de materia o nombre geográfico como elemento de entrada Deuda pública-
Subdivisión geográfica México.
9 (RLIN) 154039
852 4# - LOCALIZACIÓN
Ubicación ES-MaACL
Número de control de estantería T-105-F-3
856 4# - LOCALIZACIÓN Y ACCESO ELECTRÓNICOS
Identificador Uniforme de Recursos <a href="http://bdh-rd.bne.es/viewer.vm?id=0000104758&page=1 ">http://bdh-rd.bne.es/viewer.vm?id=0000104758&page=1 </a>
Nota pública Biblioteca Digital Hispánica
Holdings
Estatus retirado Estado de pérdida Estado de daño No para préstamo Colección Biblioteca de origen Biblioteca actual Ubicación en estantería Fecha de adquisición Fuente de adquisición Total de préstamos Signatura topográfica completa Código de barras Visto por última vez Precio de reemplazo Tipo de ítem Koha
        Colección de folletos Biblioteca del Ateneo de Madrid Biblioteca del Ateneo de Madrid Depósito folletos 17/01/2008     T-105-F-3 1042806 23/02/2023 23/02/2023 Folleto